| 000 | 00567nam a22002297a 4500 | ||
|---|---|---|---|
| 003 | UA-OsUOA | ||
| 001 | 92412 | ||
| 007 | ta | ||
| 008 | 20121217b un ||||| |||| 00| 0 ukr d | ||
| 100 | _aАргези Т. | ||
| 090 |
_a821.135.1 _bА79 |
||
| 942 | _cBK | ||
| 040 |
_aUA-OsUOA _brus _cUA-OsUOA _dUA-OsUOA |
||
| 245 | _aИзбранное | ||
| 300 | _a292 с. | ||
| 955 | _a3 | ||
| 041 | _arus | ||
| 080 | _a821.135.1 | ||
| 260 |
_aМ. _bРадуга _c1984 |
||
| 650 | 7 |
_a82 Література. Літературознавство _2UDC |
|
| 999 |
_c378657 _d378657 |
||